| 000 | 00395nam a22001457a 4500 | ||
|---|---|---|---|
| 003 | OSt | ||
| 005 | 20251014111527.0 | ||
| 008 | 251014b |||||||| |||| 00| 0 eng d | ||
| 020 | _a996622226X | ||
| 040 | _cTHE JOMO KENYATTA FOUNDATION | ||
| 050 | _aPL 8704 .M64 2002 | ||
| 245 |
_aSADIKI UKIPENDA _bNA HADITHI NYINGINE _cSAID A. MOHAMED |
||
| 260 |
_aNAIROBI KENYA _bJKF _c2002 |
||
| 942 |
_2lcc _cBK _n0 |
||
| 999 |
_c9602 _d9602 |
||